000 00582nam a2200193Ia 4500
008 100315s9999 xx 000 0 und d
082 _b1740 
_a658.15 
100 _a"KUCHHAL, S. C. "
245 _aFINANCIAL MANAGEMENT: ANALYTICAL AND CONCEPTUAL APPROACH
260 _c1982 
300 _a"XV,624P  "
365 _eAus.Sch. 
_d
_b55.00 
366 _f
505 _gJaya Nikhade 
530 _b-  
630 _aFINANCIAL MANAGEMENT: ANALYTICAL AND CONCEPTUAL APPROACH
730 _aFINANCIAL MANAGEMENT: ANALYTICAL AND CONCEPTUAL APPROACH
942 _cBOOK
999 _c476475
_d476472